[Event "Hull CC 29 Ann-B"]
[Site "Gatineau CAN"]
[Date "2008.10.07"]
[Round "5"]
[White "Laurin, Jacques"]
[Black "Lavergne, Daniel"]
[Result "1/2-1/2"]
[WhiteElo "1819"]
[BlackElo "1606"]
[PlyCount "79"]
[GameId "2160767910319912"]
[EventDate "2008.09.09"]
[EventType "swiss"]
[EventRounds "5"]
[EventCountry "CAN"]
[SourceTitle "EXT 2022"]
[Source "ChessBase"]
[SourceDate "2021.10.06"]
[SourceVersion "1"]
[SourceVersionDate "2021.10.06"]
[SourceQuality "1"]

1. c4 b6 2. Nc3 Bb7 3. e4 g6 4. d4 Bg7 5. Nf3 Nh6 6. Bf4 f5 7. Bxh6 Bxh6 8. exf5 gxf5 9. Ne5 O-O 10. Qh5 Bg7 11. Bd3 e6 12. Ng4 Bxd4 13. Nh6+ Kg7 14. Nb5 Qf6 15. Ng4 Qg6 16. Qxg6+ hxg6 17. Nxd4 fxg4 18. Nb5 Na6 19. O-O Rh8 20. Nd4 Nc5 21. Be2 Raf8 22. b4 Ne4 23. Bxg4 Nd2 24. Rfc1 Rf4 25. Nxe6+ dxe6 26. Bxe6 Rhf8 27. f3 Bxf3 28. gxf3 Nxf3+ 29. Kg2 Nd4 30. Re1 Rf2+ 31. Kg1 Ne2+ 32. Kh1 Rh8 33. h3 Nf4 34. Kg1 Rc2 35. Rad1 Nxh3+ 36. Bxh3 Rxh3 37. Re7+ Kh6 38. Rxc7 Rg3+ 39. Kh1 Rh3+ 40. Kg1 1/2-1/2

[Event "Hull CC 29 Ann-B"]
[Site "Gatineau CAN"]
[Date "2008.10.07"]
[Round "5"]
[White "Menard, Marc"]
[Black "Guimond, Michel"]
[Result "0-1"]
[WhiteElo "1574"]
[BlackElo "1866"]
[PlyCount "96"]
[GameId "2160767910319913"]
[EventDate "2008.09.09"]
[EventType "swiss"]
[EventRounds "5"]
[EventCountry "CAN"]
[SourceTitle "EXT 2022"]
[Source "ChessBase"]
[SourceDate "2021.10.06"]
[SourceVersion "1"]
[SourceVersionDate "2021.10.06"]
[SourceQuality "1"]

1. e4 e6 2. d4 d5 3. Nc3 Bb4 4. Bd3 c5 5. a3 Bxc3+ 6. bxc3 c4 7. Be2 Qa5 8. Bd2 Nf6 9. exd5 exd5 10. Bf3 O-O 11. Ne2 Ne4 12. O-O f5 13. g3 Nd7 14. Nf4 Ndf6 15. Bg2 Bd7 16. Rb1 b5 17. Qc1 g5 18. Ne2 Nxd2 19. Qxd2 h6 20. Qc1 Rae8 21. Re1 Re7 22. Kf1 Rfe8 23. Qb2 Qc7 24. Ng1 Ne4 25. Bxe4 fxe4 26. Re3 Rf7 27. Rbe1 Ref8 28. R1e2 h5 29. Qb4 Qc8 30. Qd6 Be6 31. Qe5 Rf5 32. Qd6 R5f6 33. Qe5 Rg6 34. g4 hxg4 35. Re1 Qd8 36. Rb1 Rf5 37. Qg3 Rgf6 38. Re2 Bd7 39. Ke1 Qf8 40. Qxg4 Qxa3 41. Kd2 Qa2 42. Rbe1 Qb2 43. Qg3 a5 44. Qb8+ Kg7 45. Qc7 Rf7 46. Qxa5 Rxf2 47. Qd8 e3+ 48. Kxe3 Qxc3# 0-1

[Event "Hull CC 29 Ann-B"]
[Site "Gatineau CAN"]
[Date "2008.10.07"]
[Round "5"]
[White "Rainey, Ivan"]
[Black "Thibault, Mario"]
[Result "1-0"]
[WhiteElo "1299"]
[BlackElo "1633"]
[PlyCount "93"]
[GameId "2160767910319914"]
[EventDate "2008.09.09"]
[EventType "swiss"]
[EventRounds "5"]
[EventCountry "CAN"]
[SourceTitle "EXT 2022"]
[Source "ChessBase"]
[SourceDate "2021.10.06"]
[SourceVersion "1"]
[SourceVersionDate "2021.10.06"]
[SourceQuality "1"]

1. e4 c5 2. Nf3 g6 3. d4 cxd4 4. Nxd4 Nc6 5. Nc3 Bg7 6. Be3 Nf6 7. f3 Qb6 8. Qd2 Nxe4 9. fxe4 Bxd4 10. Bxd4 Qxd4 11. Qxd4 Nxd4 12. O-O-O Nc6 13. Bc4 O-O 14. Nd5 d6 15. Bb5 Rd8 16. Bxc6 bxc6 17. Nxe7+ Kf8 18. Nxc6 Rd7 19. Rhe1 Bb7 20. Na5 Rad8 21. Nxb7 Rxb7 22. c4 a5 23. Re2 Rb4 24. b3 a4 25. Kc2 axb3+ 26. axb3 Rdb8 27. Re3 Ke7 28. Red3 R8b6 29. Kb2 Rxc4 30. Rxd6 Rxd6 31. Rxd6 Rxe4 32. Rd2 f5 33. Ka3 f4 34. b4 g5 35. h3 f3 36. gxf3 Re3+ 37. Ka4 Rxf3 38. b5 Rf6 39. Ka5 Rf3 40. b6 Rxh3 41. b7 Rb3 42. Ka6 Ra3+ 43. Kb6 Rb3+ 44. Kc7 Rc3+ 45. Kb8 Rb3 46. Ra2 Kd7 47. Ka7 1-0

[Event "Hull CC 29 Ann-B"]
[Site "Gatineau CAN"]
[Date "2008.10.07"]
[Round "5"]
[White "Sabourin, Yves"]
[Black "Gagnon, Fabien"]
[Result "0-1"]
[WhiteElo "1268"]
[BlackElo "1963"]
[PlyCount "70"]
[GameId "2160767910319915"]
[EventDate "2008.09.09"]
[EventType "swiss"]
[EventRounds "5"]
[EventCountry "CAN"]
[SourceTitle "EXT 2022"]
[Source "ChessBase"]
[SourceDate "2021.10.06"]
[SourceVersion "1"]
[SourceVersionDate "2021.10.06"]
[SourceQuality "1"]

1. d4 Nf6 2. c4 c5 3. d5 b5 4. b3 g6 5. Bb2 Bg7 6. e4 O-O 7. Bd3 bxc4 8. bxc4 d6 9. Nf3 e6 10. O-O exd5 11. exd5 Nbd7 12. Nbd2 Nb6 13. a4 Ba6 14. Qc2 Rb8 15. Rfb1 Qc7 16. a5 Nbd7 17. Bc3 Rbe8 18. Ne4 Nxe4 19. Bxg7 Kxg7 20. Bxe4 Rb8 21. Qa4 Nf6 22. Bd3 Nxd5 23. Rxb8 Rxb8 24. cxd5 Bxd3 25. Rd1 Be2 26. Qa1+ Kg8 27. Re1 Bxf3 28. gxf3 Qd8 29. Rb1 Rxb1+ 30. Qxb1 Qc7 31. a6 c4 32. Qb7 Qc5 33. Qc6 c3 34. Qxc5 dxc5 35. Kf1 c2 0-1

[Event "January op"]
[Site "Vancouver CAN"]
[Date "2008.01.12"]
[Round "2.1"]
[White "Cheng, Bindi"]
[Black "Trochtchanovitch, Pavel"]
[Result "1-0"]
[WhiteElo "2352"]
[BlackElo "1965"]
[PlyCount "161"]
[GameId "2160767910549113"]
[EventDate "2008.01.11"]
[EventType "swiss"]
[EventRounds "5"]
[EventCountry "CAN"]

1. Nf3 Nf6 2. d4 e6 3. Bg5 Bb4+ 4. c3 Be7 5. Nbd2 d5 6. e3 Nbd7 7. Bd3 c5 8. O-O h6 9. Bh4 Qc7 10. Rc1 c4 11. Bb1 b5 12. Bg3 Bd6 13. Bxd6 Qxd6 14. e4 dxe4 15. Nxe4 Qe7 16. Re1 Bb7 17. Ng3 O-O 18. Ne5 Nxe5 19. Rxe5 a6 20. Qc2 g6 21. Rce1 Rfe8 22. Qe2 Qf8 23. a4 Nd7 24. Re3 Nf6 25. h4 Qg7 26. axb5 axb5 27. Re5 Bd5 28. Nf1 Nd7 29. Re3 Qf6 30. Qg4 Nf8 31. Ng3 Qg7 32. Qh3 b4 33. Ne2 bxc3 34. bxc3 Reb8 35. Nf4 Ra1 36. Be4 Rxe1+ 37. Rxe1 Bxe4 38. Rxe4 Qf6 39. Qg3 Rb1+ 40. Kh2 Rb2 41. d5 exd5 42. Nxd5 Qxf2 43. Qxf2 Rxf2 44. Rxc4 Ne6 45. h5 Kg7 46. hxg6 fxg6 47. Rc6 Kf7 48. Kg3 Rf1 49. Ne3 Rc1 50. Ng4 h5 51. Ne5+ Kf6 52. Nxg6 Kxg6 53. Rxe6+ Kf5 54. Rc6 Rc2 55. Rc4 Kg5 56. Rc5+ Kg6 57. Kf3 h4 58. Rc4 Kg5 59. Rg4+ Kf5 60. Rf4+ Kg5 61. Rc4 Kf5 62. Rc8 Rc1 63. Rc5+ Kg6 64. Kf2 Rc2+ 65. Kg1 Kf6 66. Kh2 Kg6 67. Kh3 Kf6 68. Rc8 Ke5 69. c4 Kd6 70. Rd8+ Ke5 71. Rd5+ Ke4 72. Rg5 Rc1 73. Kxh4 Kf4 74. g3+ Kf3 75. Rf5+ Ke4 76. Kg5 Rg1 77. g4 Kd4 78. c5 Ke4 79. c6 Rc1 80. Rf6 Kd5 81. Kg6 1-0

[Event "January op"]
[Site "Vancouver CAN"]
[Date "2008.01.12"]
[Round "2.2"]
[White "Goodman, Kevin"]
[Black "Davies, Lucas"]
[Result "0-1"]
[WhiteElo "1963"]
[BlackElo "2216"]
[PlyCount "42"]
[GameId "2160767910549114"]
[EventDate "2008.01.11"]
[EventType "swiss"]
[EventRounds "5"]
[EventCountry "CAN"]

1. e4 c6 2. d4 d5 3. f3 dxe4 4. fxe4 e5 5. Nf3 exd4 6. Bc4 Nf6 7. O-O b5 8. Bb3 c5 9. e5 Nd5 10. Bg5 Be7 11. Bxe7 Kxe7 12. Ng5 Be6 13. Qh5 Qg8 14. Rxf7+ Bxf7 15. Qxf7+ Qxf7 16. Nxf7 c4 17. Nxh8 Nc6 18. a4 cxb3 19. axb5 bxc2 20. Na3 Ncb4 21. Nc4 Nd3 0-1

[Event "January op"]
[Site "Vancouver CAN"]
[Date "2008.01.12"]
[Round "2.3"]
[White "Milicevic, Dragoljub"]
[Black "Yee, Peter"]
[Result "1-0"]
[WhiteElo "2140"]
[BlackElo "1895"]
[PlyCount "63"]
[GameId "2160767910549115"]
[EventDate "2008.01.11"]
[EventType "swiss"]
[EventRounds "5"]
[EventCountry "CAN"]

1. Nf3 Nf6 2. c4 g6 3. g3 Bg7 4. Bg2 O-O 5. Nc3 Nc6 6. d4 Re8 7. d5 Nb8 8. O-O d6 9. Bg5 Nbd7 10. Qd2 Nc5 11. Nd4 a5 12. Nb3 b6 13. Nxc5 bxc5 14. Bh6 Bh8 15. h3 Bd7 16. f4 Qb8 17. e4 Nh5 18. g4 Bd4+ 19. Kh2 Ng7 20. Rab1 Qb4 21. Qd3 Bxc3 22. bxc3 Qa4 23. Rf2 Reb8 24. Re1 Rb6 25. e5 Rab8 26. Ree2 Rb1 27. f5 Qd1 28. Qe3 Qg1+ 29. Kg3 Re8 30. Bxg7 Kxg7 31. f6+ exf6 32. exf6+ 1-0

[Event "January op"]
[Site "Vancouver CAN"]
[Date "2008.01.12"]
[Round "2.4"]
[White "Daswani, Benedict"]
[Black "Reid, Richard"]
[Result "1/2-1/2"]
[WhiteElo "2052"]
[BlackElo "1777"]
[PlyCount "85"]
[GameId "2160767910549116"]
[EventDate "2008.01.11"]
[EventType "swiss"]
[EventRounds "5"]
[EventCountry "CAN"]

1. g3 d5 2. d3 e5 3. Nf3 Bd6 4. Bg2 Ne7 5. O-O O-O 6. Nc3 c6 7. e4 d4 8. Ne2 Ng6 9. h4 Bg4 10. Nh2 Be6 11. h5 Ne7 12. f4 exf4 13. Nxf4 Bd7 14. Nf3 Bg4 15. Qe1 Bxf4 16. Bxf4 Bxh5 17. Qb4 Bxf3 18. Rxf3 b6 19. Qc4 c5 20. Raf1 Nbc6 21. R3f2 Na5 22. Qb5 a6 23. Qa4 Ng6 24. Bd2 Nb7 25. Qb3 Qc7 26. e5 Rae8 27. Bf4 Nd8 28. e6 Nxf4 29. exf7+ Nxf7 30. Rxf4 Re7 31. Bd5 b5 32. Be6 g6 33. Qd5 Kg7 34. Kh2 h6 35. Rf6 Qb7 36. Rxf7+ Rfxf7 37. Rxf7+ Rxf7 38. Bxf7 Qxf7 39. Qxc5 Qf2+ 40. Kh3 Qf1+ 41. Kh2 Qf2+ 42. Kh3 Qf1+ 43. Kh2 1/2-1/2

[Event "January op"]
[Site "Vancouver CAN"]
[Date "2008.01.12"]
[Round "2.5"]
[White "Bates, Darren"]
[Black "Soliven, Joe"]
[Result "0-1"]
[WhiteElo "1605"]
[BlackElo "1985"]
[PlyCount "48"]
[GameId "2160767910549117"]
[EventDate "2008.01.11"]
[EventType "swiss"]
[EventRounds "5"]
[EventCountry "CAN"]

1. e4 d6 2. d4 Nf6 3. Bd3 c5 4. dxc5 Nc6 5. cxd6 e5 6. Nf3 Bxd6 7. c3 Bc5 8. h3 a5 9. Qe2 Nh5 10. O-O Ng3 11. Qc2 Nxf1 12. Bxf1 h6 13. Bb5 Qf6 14. b4 Bb6 15. bxa5 Rxa5 16. Bxc6+ bxc6 17. Nbd2 Be6 18. a4 O-O 19. Ba3 Rd8 20. c4 Bd4 21. Bb2 c5 22. Nb3 Ra7 23. a5 Qf4 24. Qd3 Bxf2+ 0-1

[Event "January op"]
[Site "Vancouver CAN"]
[Date "2008.01.12"]
[Round "3"]
[White "Reid, Richard"]
[Black "Li, Chang He"]
[Result "0-1"]
[WhiteElo "1777"]
[BlackElo "1878"]
[PlyCount "56"]
[GameId "2160767910549118"]
[EventDate "2008.01.11"]
[EventType "swiss"]
[EventRounds "5"]
[EventCountry "CAN"]
[SourceTitle "EXT 2011"]
[Source "ChessBase"]
[SourceDate "2011.11.26"]
[SourceVersion "1"]
[SourceVersionDate "2011.11.26"]
[SourceQuality "1"]

1. d4 d5 2. c4 c6 3. cxd5 cxd5 4. Nc3 Nf6 5. Nf3 Bg4 6. Ne5 Be6 7. Qb3 Qc8 8. e3 a6 9. Qa4+ Nbd7 10. Bd2 b5 11. Qb3 Qb7 12. Nxd7 Bxd7 13. Bd3 e6 14. Rc1 Bd6 15. O-O O-O 16. Na4 Bxh2+ 17. Kh1 Bd6 18. Nc5 Bxc5 19. Rxc5 Rfc8 20. Rfc1 Rxc5 21. dxc5 Bc6 22. Qc2 d4 23. f3 dxe3 24. Bxe3 h6 25. Qe2 Rd8 26. Rd1 Rd5 27. b4 Qc7 28. Bg1 Rh5+ 0-1

[Event "January op"]
[Site "Vancouver CAN"]
[Date "2008.01.12"]
[Round "3.1"]
[White "Milicevic, Dragoljub"]
[Black "Cheng, Bindi"]
[Result "0-1"]
[WhiteElo "2140"]
[BlackElo "2352"]
[PlyCount "70"]
[GameId "2160767910549119"]
[EventDate "2008.01.11"]
[EventType "swiss"]
[EventRounds "5"]
[EventCountry "CAN"]

1. Nf3 d5 2. c4 c6 3. d4 Nf6 4. g3 dxc4 5. a4 Bf5 6. Nc3 e6 7. Bg2 Bb4 8. O-O h6 9. Ne5 O-O 10. Nxc4 a5 11. Bf4 Bh7 12. Re1 Nd5 13. Bd2 Nd7 14. e4 N5b6 15. Ne3 Nf6 16. e5 Nfd5 17. Nexd5 Nxd5 18. Nxd5 cxd5 19. Bxb4 axb4 20. Qd2 Qb6 21. b3 Rfc8 22. Rec1 Qa5 23. Re1 Rc3 24. Re3 Rac8 25. Ra2 Rc1+ 26. Bf1 Rb1 27. Kg2 Rc3 28. Rb2 Be4+ 29. Kg1 Rxb2 30. Qxb2 Qc7 31. Qe2 Rxe3 32. fxe3 Qc3 33. Kf2 Qxb3 34. Qb5 Qc2+ 35. Be2 b3 0-1

[Event "January op"]
[Site "Vancouver CAN"]
[Date "2008.01.12"]
[Round "3.2"]
[White "Sohal, Tanraj"]
[Black "Daswani, Benedict"]
[Result "0-1"]
[WhiteElo "1831"]
[BlackElo "2052"]
[PlyCount "72"]
[GameId "2160767910549120"]
[EventDate "2008.01.11"]
[EventType "swiss"]
[EventRounds "5"]
[EventCountry "CAN"]

1. d4 d6 2. c4 Nf6 3. Nc3 g6 4. e4 Bg7 5. f3 O-O 6. Be3 Nbd7 7. Qd2 c5 8. Nge2 a6 9. g4 Qa5 10. g5 Nh5 11. Ng3 cxd4 12. Bxd4 Bxd4 13. Qxd4 Qxg5 14. Nxh5 Qxh5 15. Qf2 Nf6 16. Be2 Be6 17. Nd5 Bxd5 18. cxd5 Qe5 19. Bc4 Nxe4 20. Qe2 Ng5 21. Qxe5 Nxf3+ 22. Kf2 Nxe5 23. Bb3 Rac8 24. Ke2 Rc5 25. Rac1 Rfc8 26. Rxc5 Rxc5 27. Rd1 b5 28. h3 a5 29. Rd4 Nd7 30. a4 Nb6 31. Ke3 Nxa4 32. Bxa4 bxa4 33. Rxa4 Rxd5 34. b4 axb4 35. Rxb4 Re5+ 36. Kf3 f6 0-1

[Event "January op"]
[Site "Vancouver CAN"]
[Date "2008.01.12"]
[Round "3.3"]
[White "Soliven, Joe"]
[Black "Jiganchine, Roman"]
[Result "0-1"]
[WhiteElo "1985"]
[BlackElo "2227"]
[PlyCount "110"]
[GameId "2160767910549121"]
[EventDate "2008.01.11"]
[EventType "swiss"]
[EventRounds "5"]
[EventCountry "CAN"]

1. Nf3 Nf6 2. g3 d5 3. Bg2 Bf5 4. d3 c6 5. Nh4 Bg6 6. h3 Bh5 7. O-O e6 8. Bf4 Nbd7 9. g4 Nxg4 10. Bg3 Ngf6 11. Nd2 Be7 12. Qe1 O-O 13. Kh1 Ne4 14. dxe4 Bxh4 15. Bh2 Bf6 16. c3 Qb6 17. Rb1 Rfe8 18. f4 Qa6 19. e5 Be7 20. Bf3 Bxf3+ 21. Rxf3 Qxa2 22. h4 Nc5 23. h5 Ne4 24. Nf1 h6 25. Ne3 Nd2 26. Qxd2 Qxb1+ 27. Kg2 Qe4 28. Nf1 Rad8 29. Ng3 Qc4 30. Bg1 c5 31. Kh2 b5 32. Be3 d4 33. cxd4 cxd4 34. Bf2 Rd5 35. Be1 Rc8 36. Rd3 Qc2 37. Ne4 Qxd2 38. Bxd2 Rc2 39. f5 Rxe5 40. f6 gxf6 41. Ng3 Rd5 42. Bxh6 Kh7 43. Bf4 Rxb2 44. Rd1 Rb3 45. Kg2 a5 46. h6 Rxg3+ 47. Kxg3 Bd6 48. Kf3 Rf5 49. e3 Bxf4 50. e4 Rh5 51. Kxf4 Kxh6 52. Kf3 e5 53. Kg4 Rh2 54. Rc1 Rf2 55. Rc6 Kg6 0-1

[Event "January op"]
[Site "Vancouver CAN"]
[Date "2008.01.12"]
[Round "3.5"]
[White "Trochtchanovitch, Pavel"]
[Black "Cheng, Jack"]
[Result "1-0"]
[WhiteElo "1965"]
[BlackElo "1843"]
[PlyCount "81"]
[GameId "2160767910549122"]
[EventDate "2008.01.11"]
[EventType "swiss"]
[EventRounds "5"]
[EventCountry "CAN"]

1. e4 e5 2. Nf3 Nc6 3. Bc4 Nf6 4. Ng5 d5 5. exd5 Na5 6. Bb5+ c6 7. dxc6 bxc6 8. Be2 h6 9. Nh3 g5 10. d3 g4 11. Ng1 Bc5 12. Nc3 Bf5 13. Be3 Bxe3 14. fxe3 Qd7 15. Qd2 Nb7 16. h3 gxh3 17. Nxh3 O-O-O 18. Nf2 Nc5 19. O-O-O h5 20. Rh4 Ng4 21. Bf3 Nxf2 22. Qxf2 Bg4 23. Rdh1 Rhg8 24. Ne4 Nxe4 25. Bxe4 f5 26. Rxg4 fxe4 27. Rxe4 Rg5 28. Qf6 Rf5 29. Qg6 Rdf8 30. Rc4 R8f6 31. Qg3 Qf7 32. Rd1 Rg6 33. Qh3 Kc7 34. b3 Rgg5 35. Rh4 Qg6 36. e4 Rf2 37. g4 hxg4 38. Qe3 g3 39. Qxa7+ Kd6 40. Rh7 Qe6 41. Qa3+ 1-0

[Event "January op"]
[Site "Vancouver CAN"]
[Date "2008.01.12"]
[Round "3.6"]
[White "Botez, Alexandra"]
[Black "Goodman, Kevin"]
[Result "1-0"]
[WhiteElo "1818"]
[BlackElo "1963"]
[PlyCount "109"]
[GameId "2160767910549123"]
[EventDate "2008.01.11"]
[EventType "swiss"]
[EventRounds "5"]
[EventCountry "CAN"]

1. d4 d5 2. c4 e6 3. Nf3 Nf6 4. Nc3 c6 5. Bf4 Nbd7 6. e3 Bb4 7. Qb3 Bxc3+ 8. bxc3 O-O 9. Bd3 dxc4 10. Bxc4 b5 11. Bd3 a5 12. a4 Nd5 13. axb5 Nxf4 14. exf4 Nc5 15. Bxh7+ Kxh7 16. dxc5 Qd3 17. Qb1 Qxb1+ 18. Rxb1 cxb5 19. Rxb5 Bd7 20. Rb2 Bc6 21. Ng5+ Kg6 22. O-O Rfc8 23. Re1 Bd5 24. Rb5 a4 25. f3 a3 26. Ne4 a2 27. Ra1 Rcb8 28. Rb4 Rxb4 29. cxb4 Rb8 30. Nc3 Bc4 31. c6 Kf6 32. b5 Bxb5 33. Nxb5 Rxb5 34. Rxa2 Rc5 35. Ra6 Rc2 36. h3 Kf5 37. Ra7 f6 38. Rxg7 Rxc6 39. Rg4 Rc4 40. Kf2 Rxf4 41. Rxf4+ Kxf4 42. g3+ Kf5 43. Ke3 Ke5 44. g4 Kd6 45. Kf4 Ke7 46. g5 Kf7 47. h4 Kg6 48. h5+ Kf7 49. gxf6 Kxf6 50. h6 Kg6 51. Ke5 Kxh6 52. f4 Kg7 53. Kxe6 Kf8 54. f5 Ke8 55. f6 1-0

[Event "January op"]
[Site "Vancouver CAN"]
[Date "2008.01.13"]
[Round "4"]
[White "Jiganchine, Roman"]
[Black "Li, Chang He"]
[Result "1-0"]
[WhiteElo "2227"]
[BlackElo "1878"]
[PlyCount "97"]
[GameId "2160767910549124"]
[EventDate "2008.01.11"]
[EventType "swiss"]
[EventRounds "5"]
[EventCountry "CAN"]
[SourceTitle "EXT 2011"]
[Source "ChessBase"]
[SourceDate "2011.11.26"]
[SourceVersion "1"]
[SourceVersionDate "2011.11.26"]
[SourceQuality "1"]

1. e4 c5 2. Nf3 e6 3. d4 cxd4 4. Nxd4 a6 5. Nc3 Qc7 6. Be2 Nf6 7. O-O Be7 8. Be3 O-O 9. f4 d6 10. a4 b6 11. Bf3 Nfd7 12. e5 d5 13. Bf2 Bb7 14. Kh1 Nc6 15. Nce2 Nxd4 16. Nxd4 Rac8 17. Re1 Bc5 18. c3 Nb8 19. Qd2 Nc6 20. Be2 Nxd4 21. Bxd4 Bxd4 22. Qxd4 Qc5 23. Rad1 Rfd8 24. h3 h6 25. Kh2 Qxd4 26. Rxd4 Kf8 27. Rb4 Rc6 28. a5 b5 29. Rd4 Ke7 30. Bd3 Bc8 31. g4 f6 32. Kg3 Rf8 33. exf6+ gxf6 34. Rxd5 Rd6 35. Rxd6 Kxd6 36. Rd1 Ke7 37. Be4 e5 38. fxe5 fxe5 39. Rd5 Ke6 40. Rc5 Bd7 41. Rc7 Kd6 42. Ra7 Bc8 43. Rh7 Rf6 44. Rh8 Bd7 45. Ra8 Kc7 46. Ra7+ Kd8 47. Bb7 Bc6 48. Bxc6 Rxc6 49. Kf3 1-0

[Event "January op"]
[Site "Vancouver CAN"]
[Date "2008.01.13"]
[Round "4.2"]
[White "Daswani, Benedict"]
[Black "Milicevic, Dragoljub"]
[Result "0-1"]
[WhiteElo "2052"]
[BlackElo "2140"]
[PlyCount "64"]
[GameId "2160767910549126"]
[EventDate "2008.01.11"]
[EventType "swiss"]
[EventRounds "5"]
[EventCountry "CAN"]

1. g3 f5 2. d3 d5 3. Bg2 Nf6 4. f4 g6 5. Nf3 Bg7 6. O-O O-O 7. h3 c5 8. Re1 Nc6 9. c3 Nh5 10. Kh2 e5 11. fxe5 Nxe5 12. d4 cxd4 13. cxd4 Nxf3+ 14. Bxf3 Nxg3 15. Nc3 Ne4 16. Qb3 Qd6+ 17. Kh1 Be6 18. Be3 Rad8 19. Bg1 Qf4 20. Bh2 Qh4 21. Nxe4 fxe4 22. Bg2 Bxd4 23. Rad1 Bg7 24. Bg3 Qe7 25. Qe3 b6 26. b3 Bf5 27. Qg1 Qe6 28. Qh2 Rc8 29. Bc7 Rf7 30. Rc1 Bh6 31. Bf4 Bxf4 32. Qxf4 Bxh3 0-1

[Event "January op"]
[Site "Vancouver CAN"]
[Date "2008.01.13"]
[Round "4.4"]
[White "Yee, Peter"]
[Black "Trochtchanovitch, Pavel"]
[Result "0-1"]
[WhiteElo "1895"]
[BlackElo "1965"]
[PlyCount "66"]
[GameId "2160767910549127"]
[EventDate "2008.01.11"]
[EventType "swiss"]
[EventRounds "5"]
[EventCountry "CAN"]

1. d4 e6 2. c4 b6 3. Nc3 Bb7 4. Nf3 Bb4 5. Qc2 f5 6. a3 Bxc3+ 7. Qxc3 Nf6 8. Bg5 h6 9. Bc1 d6 10. g3 Nbd7 11. Bg2 g5 12. O-O Ne4 13. Qd3 Qe7 14. b4 O-O-O 15. Bb2 h5 16. Nd2 Ndf6 17. f3 Nxd2 18. Qxd2 h4 19. d5 e5 20. Qxg5 Rh5 21. Qd2 Rg8 22. f4 Ne4 23. Bxe4 fxe4 24. g4 Rxg4+ 25. Kh1 h3 26. Qe3 c6 27. Qxe4 cxd5 28. cxd5 Qf7 29. Qc4+ Kb8 30. e4 exf4 31. Rad1 Rg2 32. Bc1 Qg7 33. Bxf4 Rxh2+ 0-1

[Event "January op"]
[Site "Vancouver CAN"]
[Date "2008.01.13"]
[Round "4.7"]
[White "Reid, Richard"]
[Black "Soliven, Joe"]
[Result "0-1"]
[WhiteElo "1777"]
[BlackElo "1985"]
[PlyCount "68"]
[GameId "2160767910549128"]
[EventDate "2008.01.11"]
[EventType "swiss"]
[EventRounds "5"]
[EventCountry "CAN"]

1. d4 e6 2. c4 Nf6 3. Nf3 b6 4. Nc3 Bb7 5. e3 Bb4 6. Bd2 O-O 7. a3 Be7 8. Bd3 d5 9. b4 Ne4 10. c5 Nd7 11. O-O Kh8 12. Qc2 f5 13. Ne2 Nxd2 14. Nxd2 c6 15. Nf4 Rf6 16. Nf3 Rh6 17. Rfc1 g5 18. Ne2 Bf6 19. Ng3 g4 20. Ne1 bxc5 21. bxc5 Qc7 22. f4 gxf3 23. Nxf3 f4 24. exf4 Qxf4 25. Qf2 Rg8 26. Rab1 Bc8 27. Re1 Rf8 28. Qe3 Bg7 29. Qxf4 Rxf4 30. Ne2 Rf8 31. Rbc1 e5 32. dxe5 Nxe5 33. Nxe5 Bxe5 34. Rf1 Bxh2+ 0-1

[Event "January op"]
[Site "Vancouver CAN"]
[Date "2008.01.13"]
[Round "5.1"]
[White "Jiganchine, Roman"]
[Black "Cheng, Bindi"]
[Result "1/2-1/2"]
[WhiteElo "2227"]
[BlackElo "2352"]
[PlyCount "84"]
[GameId "2160767910549129"]
[EventDate "2008.01.11"]
[EventType "swiss"]
[EventRounds "5"]
[EventCountry "CAN"]

1. e4 c5 2. Nf3 d6 3. d4 cxd4 4. Nxd4 Nf6 5. Nc3 a6 6. Be2 e5 7. Nb3 Be7 8. O-O O-O 9. Be3 Be6 10. Bf3 Nbd7 11. a4 Qc7 12. a5 Rfe8 13. Qd2 Nc5 14. Nxc5 dxc5 15. Nd5 Bxd5 16. exd5 e4 17. Be2 h5 18. h3 Qe5 19. c4 Bd6 20. g3 Qf5 21. Kg2 Nd7 22. Rad1 Rad8 23. b3 Ne5 24. b4 Nd7 25. bxc5 Nxc5 26. Rb1 Rd7 27. Rb6 Nd3 28. Rb3 Rc7 29. Qd1 Rxc4 30. Bxd3 exd3 31. Qxd3 Qxd3 32. Rxd3 Rb4 33. Rc1 Kf8 34. Bc5 Bxc5 35. Rxc5 Rd8 36. d6 Rb5 37. Rxb5 axb5 38. Rb3 Rxd6 39. Rxb5 Ra6 40. Rxh5 b6 41. axb6 Rxb6 42. Ra5 g6 1/2-1/2

[Event "January op"]
[Site "Vancouver CAN"]
[Date "2008.01.13"]
[Round "5.2"]
[White "Davies, Lucas"]
[Black "Milicevic, Dragoljub"]
[Result "1-0"]
[WhiteElo "2216"]
[BlackElo "2140"]
[PlyCount "122"]
[GameId "2160767910549130"]
[EventDate "2008.01.11"]
[EventType "swiss"]
[EventRounds "5"]
[EventCountry "CAN"]

1. e4 d5 2. exd5 Nf6 3. d4 Bg4 4. Be2 Bxe2 5. Qxe2 Qxd5 6. Nf3 e6 7. O-O Nc6 8. c3 Bd6 9. Nbd2 O-O 10. Nc4 Qh5 11. Re1 h6 12. h3 Rad8 13. Ne3 Bf4 14. Nf1 Bxc1 15. Raxc1 g5 16. Ng3 Qg6 17. Ne5 Nxe5 18. Qxe5 c6 19. c4 Rd7 20. Re3 Rfd8 21. Rd1 Ne8 22. Red3 a6 23. f4 f5 24. d5 Qf6 25. d6 Qxe5 26. fxe5 Kf7 27. Kf2 Kg6 28. Kf3 h5 29. Ne2 Ng7 30. c5 h4 31. Nd4 Kh5 32. b4 Rf8 33. a4 Rc8 34. Rb1 Kg6 35. Rc3 Nh5 36. Ne2 Rg7 37. Rc4 Kh6 38. b5 axb5 39. axb5 g4+ 40. Kf2 Kg5 41. bxc6 Rxc6 42. Nd4 Nf4 43. Nxc6 bxc6 44. Rd4 Rd7 45. Rbb4 Ng6 46. hxg4 Nxe5 47. gxf5 exf5 48. Ke3 Ra7 49. Ra4 Rg7 50. Rxh4 Nd7 51. Rhc4 Kf6 52. Ra7 Ke6 53. Rc2 Rf7 54. Rc7 Kd5 55. Kf4 Rg7 56. Rxd7 Rxd7 57. Kxf5 Rf7+ 58. Kg6 Ra7 59. Rd2+ Ke6 60. d7 Rxd7 61. Rxd7 Kxd7 1-0

[Event "January op"]
[Site "Vancouver CAN"]
[Date "2008.01.13"]
[Round "5.4"]
[White "Han, Yiming"]
[Black "Daswani, Benedict"]
[Result "0-1"]
[WhiteElo "1963"]
[BlackElo "2052"]
[PlyCount "162"]
[GameId "2160767740690773"]
[EventDate "2008.01.11"]
[EventType "swiss"]
[EventRounds "5"]
[EventCountry "CAN"]

1. e4 d6 2. d4 Nf6 3. Nc3 g6 4. Be3 Bg7 5. f3 O-O 6. Qd2 a6 7. g4 Nbd7 8. O-O-O e5 9. d5 b5 10. Nge2 Nc5 11. h4 b4 12. Nb1 a5 13. h5 Qe8 14. hxg6 fxg6 15. Ng3 Qa4 16. Bc4 Ba6 17. Bxa6 Rxa6 18. Qh2 Qe8 19. g5 Nh5 20. Nxh5 gxh5 21. f4 exf4 22. Bxf4 Qxe4 23. Bd2 Na4 24. c3 bxc3 25. Nxc3 Nxc3 26. Bxc3 Bxc3 27. bxc3 Rf3 28. Qc2 Qe3+ 29. Qd2 Qxc3+ 30. Qxc3 Rxc3+ 31. Kd2 Rf3 32. Rxh5 Rb6 33. Ke2 Ra3 34. Rd2 Rc3 35. Rh1 Rg3 36. Rc2 Rg2+ 37. Kd3 Rxc2 38. Kxc2 Rb5 39. Rd1 Kg7 40. Kc3 Kg6 41. Kd4 Kxg5 42. Rg1+ Kf6 43. Rf1+ Kg7 44. Rg1+ Kh8 45. Rc1 Rb4+ 46. Ke3 Rb7 47. Ke4 Kg7 48. Kf5 Kf7 49. Rh1 Kg7 50. Ke6 Rb5 51. Rg1+ Kh6 52. Rh1+ Kg6 53. Rg1+ Kh5 54. Rg7 Rc5 55. Rxh7+ Kg4 56. Rf7 Rc2 57. a4 Rc4 58. Rh7 Kf3 59. Rh8 Ke3 60. Ra8 Rc5 61. Rb8 Kd4 62. Rb7 Kc4 63. Ra7 Kb4 64. Kd7 Kxa4 65. Rxc7 Rxd5 66. Rc1 Kb3 67. Rb1+ Ka2 68. Rb6 a4 69. Kc6 Rd3 70. Ra6 a3 71. Kb5 Kb2 72. Kc4 Rd2 73. Rb6+ Ka1 74. Kc3 Rd1 75. Kc2 Rd5 76. Rb1+ Ka2 77. Rb6 Rc5+ 78. Kd2 Rd5+ 79. Kc2 Rh5 80. Rxd6 Rh2+ 81. Kc1 Rb2 {and Black won.} 0-1